01095cam a2200265 a 450000100100000000500170001000800410002701000130006802000150008104000250009608200170012110000400013824501360017826000420031430000280035649000670038450400320045165000240048365000350050765000440054270000350058683000730062195201200069499900150081400000138620250610103125.0750515s1975 sp a b 000 0 spa  a75505928 a8425409802 aDO-SdBNPbspacBNPHU a311.2bD673m1 aDoménech Massons, José M.9464010aMétodos estadísticos para la investigación en ciencias humanas /cJosé M. Domenech Massons ; prólogo de J. Torrens-Ibern. aBarcelona :bEditorial Herder,c1975. a450 p. :bil. ;c25 cm.1 aTemas fundamentales de psicologiav1aTratados y monografías aBibliografía: p. 449-450. 0aPsicometría94641 4aEstadísticaxMétodos94642 4aCiencias socialesxEstadísticas946431 aTorrens-Ibern, J.eprol.94644 0aTemas fundamentales de psicologiabtratados y monografíasn194645 001052708MOaGRbGRcCTd2009-08-21iLF1l0o311.2 D673mp1386-10r2020-06-25w2020-06-25y2ZPréstamo interno c1309d1309